| 000 | 01099nam a22002535i 4500 | ||
|---|---|---|---|
| 001 | 159319 | ||
| 003 | ES-MaACL | ||
| 005 | 20250724052153.0 | ||
| 008 | 990407s1804 sp |||| | spa d | ||
| 080 | _a811.124(075.4) | ||
| 100 | 1 |
_aMello e Menezes, Diogo de ( _d1751-1847) _9129812 |
|
| 245 | 1 | 0 |
_aNuevo epítome de gramática latina, ó verdadero método de enseñar el latín á un principiante / _ccompuesto en lengua portuguesa por Diego de Mello y Meneses. |
| 250 | _a2ª ed., corr. y aum. considerablemente para uso de la juventud por Luis de Mata Araujo. | ||
| 260 |
_aMadrid : _bImprenta Real : _bLibrería de Antonio Baylo, _c1804. |
||
| 300 |
_a200 p. ; _c15 cm. |
||
| 546 | _aTexto en latín y español. | ||
| 597 | _aSignaturizado. | ||
| 650 | 4 |
_aLengua latina- _xGramática. _914300 |
|
| 650 | 4 |
_aLengua latina- _vMétodos. _9162340 |
|
| 700 | 1 |
_aMata y Araujo, Luis de, _dca. 1785-1848 _9129716 |
|
| 852 |
_aES-MaACL _jR-575(1) _z- Enc. perg. _z- Ex-libris ms. de Teodoro García Pinillos _x Olim: G-668 |
||
| 942 | _2udc | ||
| 999 |
_c159319 _d159319 |
||